Statistics for Mexican States with the Fewest Borders

Click here to take the quiz!

General Stats

  • This quiz has been taken 126 times
    (45 since last reset)
  • The average score is 4 of 6

Answer Stats

State% Correct
Baja California
100%
Baja California Sur
86%
Yucatán
79%
Quintana Roo
67%
Colima
53%
Aguascalientes
47%

Score Distribution

Percentile by Number Answered

Percent of People with Each Score

Your Score History

You have not taken this quiz since the last reset